[Event "34th GER-ch"]
[Site "Munich GER"]
[Date "2025.05.21"]
[Round "7.1"]
[White "Svane, Frederik"]
[Black "Huschenbeth, Niclas"]
[Result "1-0"]
[WhiteElo "2671"]
[BlackElo "2601"]
[EventDate "2025.05.15"]
[PlyCount "199"]

1.e4 e5 2.Nf3 Nc6 3.Bc4 Nf6 4.d3 d5 5.exd5 Nxd5 6.O-O Be7 7.Re1 f6 8.a3 
Bg4 9.h3 Bh5 10.Nc3 Nb6 11.Ba2 Bf7 12.Bxf7+ Kxf7 13.Qe2 Re8 14.Be3 Qd7 15.
Bxb6 axb6 16.Nb5 Nd4 17.Nbxd4 exd4 18.Nd2 Qd5 19.Qg4 f5 20.Qh5+ Kg8 21.Nf3
g6 22.Qh6 Qd6 23.Re2 Bf8 24.Qd2 Rxe2 25.Qxe2 h6 26.Re1 b5 27.h4 c6 28.Kf1 
Rd8 29.h5 g5 30.Qe5 Qxe5 31.Rxe5 f4 32.Re4 Bc5 33.Ke2 Kf7 34.Ne5+ Kg7 35.
Kf3 Bf8 36.Kg4 Kf6 37.Nf3 c5 38.Re2 b6 39.Nd2 Ra8 40.g3 fxg3 41.fxg3 Be7 
42.Ne4+ Kf7 43.Kf5 b4 44.axb4 cxb4 45.Ke5 Ra5+ 46.Kxd4 g4 47.Rf2+ Ke6 48.
Rf4 Rxh5 49.Rxg4 Rh2 50.Rg6+ Kd7 51.Rxb6 Rxc2 52.b3 h5 53.Kd5 Kc7 54.Ra6 
h4 55.Ra7+ Kd8 56.gxh4 Bxh4 57.d4 Be7 58.Ra8+ Kc7 59.Rh8 Rb2 60.Rh3 Rc2 
61.Rh7 Kd8 62.Ke5 Re2 63.Rh3 Kd7 64.d5 Bc5 65.Rh7+ Kc8 66.Kf5 Bd4 67.d6 
Re3 68.Rc7+ Kd8 69.Ng5 Re5+ 70.Kf4 Rxg5 71.Kxg5 Be5 72.Kf5 Bxd6 73.Rh7 Bg3
74.Rh1 Kc7 75.Ke4 Kc6 76.Kd4 Kb5 77.Rf1 Bh4 78.Kd5 Bg5 79.Rf8 Bd2 80.Rb8+ 
Ka6 81.Kc6 Ka7 82.Rb7+ Ka6 83.Rh7 Bc3 84.Re7 Bd4 85.Re2 Ka7 86.Ra2+ Kb8 
87.Rd2 Bc3 88.Rd7 Kc8 89.Rd3 Kb8 90.Kb6 Kc8 91.Rd1 Be5 92.Rf1 Bd4+ 93.Kc6 
Kb8 94.Rf7 Bc3 95.Rb7+ Kc8 96.Rb5 Bd2 97.Re5 Kb8 98.Kb6 Kc8 99.Rc5+ Kb8 
100.Rd5 1-0

[Event "34th GER-ch"]
[Site "Munich GER"]
[Date "2025.05.21"]
[Round "7.2"]
[White "Kraemer, Martin"]
[Black "Dobrikov, Marco"]
[Result "1/2-1/2"]
[WhiteElo "2581"]
[BlackElo "2404"]
[EventDate "2025.05.15"]
[PlyCount "98"]

1.d4 Nf6 2.c4 c5 3.d5 b5 4.cxb5 a6 5.bxa6 Bxa6 6.Nc3 g6 7.Nf3 Bg7 8.e4 
Bxf1 9.Kxf1 d6 10.g3 O-O 11.Kg2 Na6 12.Qe2 Qb6 13.Nd2 Nc7 14.Nc4 Qa6 15.
Bg5 Rfb8 16.Rhc1 h6 17.Bxf6 Bxf6 18.Qd3 Rb4 19.b3 Bd4 20.Qd1 Qb7 21.Qd2 
Nb5 22.Nxb5 Bxa1 23.Nbxd6 exd6 24.Rxa1 Rxb3 25.Nxd6 Qe7 26.axb3 Rxa1 27.
Qc3 Ra8 28.e5 f6 29.Ne4 fxe5 30.d6 Qe6 31.Qxc5 Rf8 32.b4 Qb3 33.Qxe5 Qf3+ 
34.Kg1 Qd1+ 35.Kg2 Qf3+ 36.Kh3 Rf5 37.Qe8+ Kh7 38.Qe7+ Rf7 39.Qe5 Rf5 40.
Qe7+ Rf7 41.Qh4 Kg7 42.Qg4 Qd3 43.Kg2 Rf5 44.d7 Qxd7 45.Qe2 Qd4 46.Nc5 
Qd5+ 47.Ne4 Qd4 48.Nc5 Qd5+ 49.Ne4 Qd4 1/2-1/2

[Event "34th GER-ch"]
[Site "Munich GER"]
[Date "2025.05.21"]
[Round "7.3"]
[White "Costa, Leonardo"]
[Black "Donchenko, Alexander"]
[Result "1/2-1/2"]
[WhiteElo "2531"]
[BlackElo "2615"]
[EventDate "2025.05.15"]
[PlyCount "80"]

1.e4 c5 2.Nf3 e6 3.d3 d5 4.Qe2 Nf6 5.g3 Nc6 6.Bg2 Be7 7.a4 b6 8.O-O Bb7 9.
Bf4 h6 10.h4 Rc8 11.Na3 a6 12.Rfe1 d4 13.c3 Nd7 14.h5 Nf6 15.Ne5 O-O 16.
Nc2 Nxe5 17.Bxe5 Nd7 18.cxd4 Nxe5 19.dxe5 Qc7 20.f4 b5 21.axb5 axb5 22.b3 
Ra8 23.Bf3 Rfd8 24.Qd2 Qd7 25.Rxa8 Rxa8 26.Kf1 Ra2 27.Rd1 Qc6 28.Ra1 Qa6 
29.Qd1 c4 30.dxc4 bxc4 31.Rxa2 Qxa2 32.bxc4 Qxc4+ 33.Qe2 Qc3 34.Kg2 Bc5 
35.Ne1 Bc6 36.Kh3 Ba4 37.Ng2 Bb3 38.Nh4 Bc4 39.Qd1 Be7 40.Be2 Bb3 1/2-1/2

[Event "34th GER-ch"]
[Site "Munich GER"]
[Date "2025.05.21"]
[Round "7.4"]
[White "Wagner, Dennis"]
[Black "Svane, Rasmus"]
[Result "1/2-1/2"]
[WhiteElo "2616"]
[BlackElo "2629"]
[EventDate "2025.05.15"]
[PlyCount "82"]

1.d4 Nf6 2.c4 e6 3.Nf3 d5 4.Nc3 c5 5.cxd5 cxd4 6.Qxd4 exd5 7.e4 dxe4 8.
Qxd8+ Kxd8 9.Ng5 Be6 10.Nxe6+ fxe6 11.Bc4 Ke7 12.O-O Kf7 13.Nb5 Na6 14.a3 
Rc8 15.Ba2 Nc7 16.Nxa7 Ra8 17.Be3 Bd6 18.Rac1 Rhd8 19.f3 exf3 20.Rxf3 Be5 
21.Rf5 Bd6 22.Nb5 Nxb5 23.Rxb5 Rd7 24.g3 Be7 25.Rf1 Ra6 26.Bc4 Rc6 27.Be2 
Kg8 28.Bf3 Nd5 29.Rd1 Bf6 30.a4 Rc2 31.Bxd5 exd5 32.Rbxd5 Rxd5 33.Rxd5 
Rxb2 34.Rd7 Ra2 35.Rxb7 Rxa4 36.Rd7 Ra2 37.Rd2 Rxd2 38.Bxd2 h5 39.h3 Kf7 
40.Kg2 g6 41.Kf3 Ke6 1/2-1/2

[Event "34th GER-ch"]
[Site "Munich GER"]
[Date "2025.05.22"]
[Round "8.1"]
[White "Huschenbeth, Niclas"]
[Black "Bluebaum, Matthias"]
[Result "1/2-1/2"]
[WhiteElo "2601"]
[BlackElo "2660"]
[EventDate "2025.05.15"]
[PlyCount "72"]

1.e4 e5 2.Nf3 Nf6 3.Nxe5 d6 4.Nf3 Nxe4 5.d3 Nf6 6.d4 d5 7.Bd3 Bd6 8.Qe2+ 
Be6 9.Ng5 Qe7 10.Nxe6 fxe6 11.c3 O-O 12.O-O c5 13.Be3 c4 14.Bc2 e5 15.dxe5
Qxe5 16.g3 Bc5 17.Nd2 Bxe3 18.Qxe3 Nc6 19.Qxe5 Nxe5 20.Rad1 Rfe8 21.Rfe1 
Rad8 22.Ba4 Nc6 23.Nf3 a6 24.Rxe8+ Rxe8 25.Nd4 Rc8 26.Nxc6 bxc6 27.f3 Kf7 
28.Kf2 Rb8 29.Rd2 c5 30.Bd1 Ke6 31.g4 Ke5 32.Kg3 g5 33.Re2+ Kd6 34.Rd2 Ke5
35.Re2+ Kd6 36.Rd2 Ke5 1/2-1/2

[Event "34th GER-ch"]
[Site "Munich GER"]
[Date "2025.05.22"]
[Round "8.3"]
[White "Donchenko, Alexander"]
[Black "Wagner, Dennis"]
[Result "1/2-1/2"]
[WhiteElo "2615"]
[BlackElo "2616"]
[EventDate "2025.05.15"]
[PlyCount "65"]

1.d4 Nf6 2.c4 e6 3.Nc3 Bb4 4.e3 O-O 5.Bd3 c5 6.a3 cxd4 7.axb4 dxc3 8.Ne2 
d5 9.Nxc3 Nc6 10.b5 Ne5 11.c5 Nxd3+ 12.Qxd3 Bd7 13.f3 a6 14.bxa6 Qc8 15.
axb7 Qxb7 16.Rxa8 Rxa8 17.O-O Bc6 18.Qd4 Nd7 19.b4 e5 20.Qd3 Qxb4 21.Nxd5 
Qxc5 22.Rd1 Bxd5 23.Qxd5 Qxd5 24.Rxd5 Ra1 25.Rxd7 Rxc1+ 26.Kf2 Rc2+ 27.Kg3
f6 28.e4 Ra2 29.Rc7 Rb2 30.Rd7 Ra2 31.Rc7 Rb2 32.Rd7 Ra2 33.Rc7 1/2-1/2

[Event "34th GER-ch"]
[Site "Munich GER"]
[Date "2025.05.22"]
[Round "8.4"]
[White "Dobrikov, Marco"]
[Black "Costa, Leonardo"]
[Result "1/2-1/2"]
[WhiteElo "2404"]
[BlackElo "2531"]
[EventDate "2025.05.15"]
[PlyCount "118"]

1.c4 e6 2.Nc3 d5 3.d4 Nf6 4.cxd5 exd5 5.Bg5 c6 6.e3 Bd6 7.Bd3 O-O 8.Nge2 
Re8 9.Qc2 h6 10.Bh4 b5 11.h3 Na6 12.a3 b4 13.Bxa6 Bxa6 14.axb4 Bc4 15.Ra4 
Re6 16.Bg3 Bb5 17.Nxb5 cxb5 18.Bxd6 bxa4 19.Bc5 Qd7 20.Nc3 Ne4 21.Qxa4 
Qxa4 22.Nxa4 Ra6 23.b3 Rb8 24.O-O Nxc5 25.Nxc5 Ra2 26.Nd3 Rd2 27.Nc5 Ra2 
28.Nd3 h5 29.Rc1 Rd2 30.Rc3 h4 31.Kf1 Rb6 32.Ke1 Ra2 33.Rc5 Rg6 34.Nf4 
Rga6 35.Nxd5 Rb2 36.Ra5 Rxa5 37.bxa5 Rxb3 38.Ne7+ Kf8 39.Nc6 a6 40.Ke2 Ke8
41.e4 Rb2+ 42.Ke3 f6 43.g3 Kd7 44.d5 g5 45.e5 Rb3+ 46.Ke4 g4 47.exf6 Ke8 
48.f7+ Kxf7 49.Ne5+ Ke7 50.Nxg4 hxg3 51.fxg3 Rxg3 52.Kd4 Rxh3 53.Kc5 Rb3 
54.Kc6 Rb5 55.d6+ Ke6 56.Ne3 Rxa5 57.d7 Ke7 58.Nd5+ Rxd5 59.Kxd5 Kxd7 
1/2-1/2

[Event "34th GER-ch"]
[Site "Munich GER"]
[Date "2025.05.22"]
[Round "8.5"]
[White "Svane, Frederik"]
[Black "Kraemer, Martin"]
[Result "1-0"]
[WhiteElo "2671"]
[BlackElo "2581"]
[EventDate "2025.05.15"]
[PlyCount "89"]

1.e4 c5 2.Nf3 d6 3.d4 cxd4 4.Nxd4 Nf6 5.Nc3 a6 6.Be3 e5 7.Nb3 Be6 8.f3 h5 
9.Qd2 Nbd7 10.O-O-O Be7 11.Kb1 b5 12.Nd5 Bxd5 13.exd5 Nb6 14.Bxb6 Qxb6 15.
Na5 Rc8 16.c4 bxc4 17.Nxc4 Qc5 18.Na5 Qb6 19.Nc6 Nd7 20.Bd3 Bf6 21.Bf5 Rc7
22.Bxd7+ Rxd7 23.Rhe1 Rb7 24.Re4 Bg5 25.Nxe5 Bxd2 26.Nc4+ Kd7 27.Nxb6+ 
Rxb6 28.Rxd2 Re8 29.Rxe8 Kxe8 30.Rd4 a5 31.a4 Kd7 32.Kc2 Rb8 33.b4 axb4 
34.Kb3 Ra8 35.Rxb4 Kc7 36.Rc4+ Kd7 37.Rb4 Kc7 38.Rb5 Re8 39.a5 Re3+ 40.Kb4
Re2 41.a6 Rb2+ 42.Kc4 Rxg2 43.Rb7+ Kc8 44.Rxf7 Kb8 45.h3 1-0

[Event "34th GER-ch"]
[Site "Munich GER"]
[Date "2025.05.23"]
[Round "9.1"]
[White "Kraemer, Martin"]
[Black "Huschenbeth, Niclas"]
[Result "1/2-1/2"]
[WhiteElo "2581"]
[BlackElo "2601"]
[EventDate "2025.05.15"]
[PlyCount "80"]

1.e4 e5 2.Nf3 Nc6 3.Nc3 Nf6 4.Bb5 Bb4 5.O-O O-O 6.d3 Bxc3 7.bxc3 d6 8.Bxc6
bxc6 9.Nd2 Nd7 10.c4 f5 11.exf5 Rxf5 12.Ne4 Qh4 13.Be3 Nf6 14.Nxf6+ Qxf6 
15.f3 c5 16.Rb1 Bd7 17.Qd2 Bc6 18.Qa5 Qf7 19.Qa6 Qd7 20.c3 h6 21.d4 exd4 
22.cxd4 cxd4 23.Bxd4 Raf8 24.Qa3 Qf7 25.Qd3 a5 26.Rbe1 Rf4 27.Qc3 a4 28.c5
Qg6 29.Re7 Rxf3 30.Rxf3 Rxf3 31.Rxg7+ Qxg7 32.Bxg7 Rxc3 33.Bxc3 dxc5 34.
Kf2 a3 35.Bd2 h5 36.Bc1 Bd5 37.Bxa3 Bxa2 38.Bxc5 Kf7 39.Ke3 Bd5 40.g3 Kg6 
1/2-1/2

[Event "34th GER-ch"]
[Site "Munich GER"]
[Date "2025.05.23"]
[Round "9.3"]
[White "Wagner, Dennis"]
[Black "Dobrikov, Marco"]
[Result "1-0"]
[WhiteElo "2616"]
[BlackElo "2404"]
[EventDate "2025.05.15"]
[PlyCount "120"]

1.d4 g6 2.e4 Bg7 3.Nc3 a6 4.h4 h5 5.Be3 d6 6.Qd2 Nd7 7.O-O-O b5 8.a3 Bb7 
9.Nh3 Rc8 10.Kb1 c5 11.dxc5 Nxc5 12.f3 Qa5 13.Bd4 Bxd4 14.Qxd4 Nf6 15.Nd5 
Bxd5 16.exd5 Qa4 17.Be2 O-O 18.Nf4 Rc7 19.g4 Rb8 20.Qxa4 bxa4 21.g5 Nfd7 
22.Ka2 Rcb7 23.Rb1 Kg7 24.Rhd1 Rb6 25.Rd4 e5 26.dxe6 fxe6 27.Ng2 d5 28.
Rdd1 Ne5 29.Ne3 Nc6 30.Rd2 R6b7 31.Ng2 a5 32.Ne3 Rf7 33.Rf1 Ne5 34.Ng2 
Rbf8 35.f4 Ne4 36.Rdd1 Nd7 37.c4 Ndc5 38.cxd5 Rb7 39.Rc1 Rfb8 40.Rc2 exd5 
41.f5 gxf5 42.Nf4 Rxb2+ 43.Rxb2 Nc3+ 44.Ka1 Nb3+ 45.Rxb3 axb3 46.Kb2 Na4+ 
47.Kc1 Nc3 48.Kd2 Ne4+ 49.Kd3 d4 50.Ne6+ Kg6 51.Nxd4 b2 52.Rb1 Nc5+ 53.Kc2
Rd8 54.Nc6 Re8 55.Bb5 Re4 56.Rh1 Re3 57.a4 Rb3 58.Ne5+ Kg7 59.Nd3 Rxd3 60.
Bxd3 Nxa4 1-0

[Event "34th GER-ch"]
[Site "Munich GER"]
[Date "2025.05.23"]
[Round "9.5"]
[White "Bluebaum, Matthias"]
[Black "Svane, Rasmus"]
[Result "1/2-1/2"]
[WhiteElo "2660"]
[BlackElo "2629"]
[EventDate "2025.05.15"]
[PlyCount "36"]

1.d4 d5 2.Nf3 Nf6 3.c4 c6 4.Nc3 e6 5.e3 Nbd7 6.Qc2 Bd6 7.b3 O-O 8.Be2 b6 
9.O-O Bb7 10.Bb2 Re8 11.Rad1 Qe7 12.Rfe1 Rad8 13.e4 Nxe4 14.Nxe4 dxe4 15.
Qxe4 Bb4 16.Rf1 Bd6 17.Rfe1 Bb4 18.Rf1 Bd6 1/2-1/2